000 00609nam a22002057a 4500
003 OSt
005 20240724112332.0
008 160323b xxu||||| |||| 00| 0 eng d
020 _a0335205305
040 _cDDC.
082 _a336.41FIN 1998.
100 _aedited by Wilson,John;
_97413
245 _aFinancial management for Public Services /
_cEdited by John Wilson
260 _bOpen university Press.
_c1998.
_aBuckingham
300 _ax,280p;
_bill;
_c22cm.
504 _aincludes index and references.
650 _aFinancial management.
_95543
650 _aPublic Service
_911519
942 _2ddc
_cSLOAN
999 _c3306
_d3306